Menschen: Deutch als Fremdsprache Arbeitsbuch: Level A2 (Record no. 263)

000 -LEADER
fixed length control field 00655nam a22002057a 4500
005 - DATE AND TIME OF LATEST TRANSACTION
control field 20241104130708.0
008 - FIXED-LENGTH DATA ELEMENTS--GENERAL INFORMATION
fixed length control field 201117s ||||| |||| 00| 0 ger d
020 ## - INTERNATIONAL STANDARD BOOK NUMBER
International Standard Book Number 9783191119027
040 ## - CATALOGING SOURCE
Transcribing agency DLC
080 ## - UNIVERSAL DECIMAL CLASSIFICATION NUMBER
Universal Decimal Classification number 811.112.2
Item number B-85
100 ## - MAIN ENTRY--PERSONAL NAME
9 (RLIN) 60
Personal name Breitsameter Anna
245 ## - TITLE STATEMENT
Title Menschen: Deutch als Fremdsprache Arbeitsbuch: Level A2
Statement of responsibility, etc. / by Huber Verlag. Authors: Ann Breitsameter, Sabine Glas-Peters, Angela Pude,
260 ## - PUBLICATION, DISTRIBUTION, ETC.
Place of publication, distribution, etc. germany
Name of publisher, distributor, etc. Hueber
Date of publication, distribution, etc. 2013
300 ## - PHYSICAL DESCRIPTION
Extent 213 p.
Other physical details 2 CDs
650 ## - SUBJECT ADDED ENTRY--TOPICAL TERM
Source of heading or term German Language
653 ## - INDEX TERM--UNCONTROLLED
Uncontrolled term გერმანული ენა
700 ## - ADDED ENTRY--PERSONAL NAME
9 (RLIN) 52
Personal name Pude Angela
700 ## - ADDED ENTRY--PERSONAL NAME
9 (RLIN) 54
Personal name Glas-Peters Sabine
942 ## - ADDED ENTRY ELEMENTS (KOHA)
Source of classification or shelving scheme
Koha item type Books
Holdings
Withdrawn status Lost status Source of classification or shelving scheme Damaged status Not for loan Permanent location Current location Date acquired Inventory number Total Checkouts Full call number Barcode Date last seen Price effective from Koha item type
          Ken Walker International University Ken Walker International University 11/17/2020 996   811.112.2 B-85 996 11/17/2020 11/17/2020 Books

Powered by Koha